000 00892nam0a22002531 4500
001 rc\4796920
005 20130426133636.6
021 _aRU
_b[62-4368]
035 _a(NLR Aleph) 008869767
090 _a8513895
_c8513895
100 _a20130426d1961 |||y0rusy50 ca
101 0 _arus
102 _aRU
105 _ay z |||||
200 1 _aНекоторые вопросы соотношения двух фаз коммунистического общества
_fАкад. наук Груз. ССР. Ин-т философии
210 _aТбилиси
_cИзд-во Акад. наук Груз. ССР
_d1961
215 _a60 с.
_d20
606 _aСоциализм и коммунизм
_2psbo
700 1 _aШария
_bК. С.
_gКарл Спиридонович
801 0 _aRU
_bNLR
_gpsbo
801 1 _aRU
_bELAR
_2rusmarc
852 _aNLR
_j62-4/2307
942 _cBOOK
980 _aNB